[Event "Nairobi Mashariki op"]
[Site "Nairobi"]
[Date "2024.09.22"]
[Round "5"]
[White "Wabwire, Ronald"]
[Black "Dominic, Carlos Kiema"]
[Result "1-0"]
[WhiteElo "1803"]
[BlackElo "1717"]
[PlyCount "88"]
[EventDate "2024.09.21"]
[EventType "swiss"]
[EventRounds "5"]
[EventCountry "KEN"]
[SourceTitle "EXT 2025"]
[Source "ChessBase"]
[SourceDate "2024.10.14"]
[SourceVersion "1"]
[SourceVersionDate "2024.10.14"]
[SourceQuality "1"]

1. e4 e5 2. Nf3 Nf6 3. Bc4 Nxe4 4. d3 Nd6 5. Bb3 Nc6 6. 0-0 Be7 7. Re1 0-0 8. Nxe5 Nxe5 9. Rxe5 Bf6 10. Re1 Re8 11. Nc3 Bxc3 12. bxc3 Rxe1+ 13. Qxe1 Qe8 14. Bf4 Qxe1+ 15. Rxe1 Kf8 16. Bxd6+ cxd6 17. f3 b5 18. Kf2 Bb7 19. a4 bxa4 20. Bxa4 Bc6 21. Ra1 a5 22. Ke3 Re8+ 23. Kf2 Ra8 24. c4 Bxa4 25. Rxa4 Ke7 26. Ke3 Kd8 27. Kd4 Kc7 28. Kd5 h5 29. g3 Ra6 30. c3 Kd8 31. c5 Ke7 32. Re4+ Kf6 33. cxd6 a4 34. c4 a3 35. Re1 a2 36. Ra1 Ra3 37. d4 g5 38. c5 Kf5 39. Kc4 Ra4+ 40. Kb3 Rxd4 41. Rxa2 Rd3+ 42. Kc4 Re3 43. c6 Re8 44. c7 Rc8 1-0

[Event "Nairobi Mashariki op"]
[Site "Nairobi"]
[Date "2024.09.21"]
[Round "2"]
[White "Okemwa, Eugene"]
[Black "Wabwire, Ronald"]
[Result "1-0"]
[WhiteElo "1717"]
[BlackElo "1803"]
[PlyCount "57"]
[EventDate "2024.09.21"]
[EventType "swiss"]
[EventRounds "5"]
[EventCountry "KEN"]
[SourceTitle "EXT 2025"]
[Source "ChessBase"]
[SourceDate "2024.10.14"]
[SourceVersion "1"]
[SourceVersionDate "2024.10.14"]
[SourceQuality "1"]

1. e4 d6 2. d4 Nf6 3. f3 Nbd7 4. Bd3 e5 5. c3 d5 6. Ne2 Bd6 7. Ng3 exd4 8. cxd4 Bxg3+ 9. hxg3 dxe4 10. fxe4 Qe7 11. 0-0 0-0 12. e5 Ne8 13. Qh5 g6 14. Qh6 Qb4 15. Be3 c5 16. Rf4 Qe1+ 17. Rf1 Qxg3 18. Nd2 Ng7 19. Rf3 Qg4 20. Rh3 Nh5 21. Ne4 Re8 22. Ng5 Nf8 23. Ne4 Nd7 24. Bg5 Re6 25. Rf1 b6 26. Rh4 Nxe5 27. dxe5 Rxe5 28. Rxg4 Bxg4 29. Nf6+ 1-0

[Event "Nairobi Mashariki op"]
[Site "Nairobi"]
[Date "2024.09.21"]
[Round "1"]
[White "Wabwire, Ronald"]
[Black "Kinyua, Nathan Muitta"]
[Result "1-0"]
[WhiteElo "1803"]
[BlackElo "1464"]
[PlyCount "65"]
[EventDate "2024.09.21"]
[EventType "swiss"]
[EventRounds "5"]
[EventCountry "KEN"]
[SourceTitle "EXT 2025"]
[Source "ChessBase"]
[SourceDate "2024.10.14"]
[SourceVersion "1"]
[SourceVersionDate "2024.10.14"]
[SourceQuality "1"]

1. e4 e5 2. Nf3 Nc6 3. Bc4 Be7 4. d4 d6 5. dxe5 dxe5 6. Qxd8+ Bxd8 7. Nc3 Nf6 8. 0-0 0-0 9. Be3 Bg4 10. Nd2 Be7 11. Nd5 Nxd5 12. Bxd5 Bd7 13. c3 Rab8 14. Rab1 a6 15. Rfd1 Rfd8 16. f3 Bf6 17. Nb3 Be6 18. Bxe6 fxe6 19. Nc5 Kf7 20. Rxd8 Bxd8 21. Rd1 Ke7 22. Bg5+ Kf7 23. Rd7+ Kf8 24. Nxe6+ Ke8 25. Rxg7 Bxg5 26. Nxg5 h6 27. Ne6 Rc8 28. Nxc7+ Kf8 29. Ne6+ Ke8 30. Rg8+ Kd7 31. Nc5+ Kc7 32. Rxc8+ Kxc8 33. Kf2 1-0

[Event "Kampala Sagewood Cup"]
[Site "Kampala"]
[Date "2024.05.18"]
[Round "5"]
[White "Kato, Richard"]
[Black "Wabwire, Ronald"]
[Result "1-0"]
[WhiteElo "1886"]
[BlackElo "1751"]
[PlyCount "83"]
[EventDate "2024.05.16"]
[EventType "swiss"]
[EventRounds "8"]
[EventCountry "UGA"]
[SourceTitle "CBM 220 Extra"]
[Source "ChessBase"]
[SourceDate "2024.07.31"]
[SourceVersion "1"]
[SourceVersionDate "2024.07.31"]
[SourceQuality "1"]

1. e4 e5 2. Nf3 d6 3. d4 exd4 4. Nxd4 Nf6 5. Nc3 Be7 6. h3 c5 7. Nb3 a6 8. a3 Nc6 9. Bf4 Be6 10. Be2 0-0 11. 0-0 Qd7 12. Qd2 d5 13. exd5 Nxd5 14. Nxd5 Qxd5 15. Qe3 Qf5 16. Bd3 Qf6 17. Nd2 Rad8 18. b3 Qd4 19. Qg3 Bd6 20. Bxd6 Qxd6 21. Qh4 f5 22. Nf3 h6 23. Rad1 Nd4 24. Nxd4 Qxd4 25. Qg3 f4 26. Qg6 Qf6 27. Qxf6 gxf6 28. Rfe1 Kf7 29. Re4 f3 30. Rde1 Rfe8 31. Rxe6 Rxe6 32. Bc4 Rdd6 33. gxf3 Ke7 34. Bxe6 Rxe6 35. Re3 Kd7 36. Kg2 Rd6 37. Kg3 Kc6 38. Re2 c4 39. Kg4 cxb3 40. cxb3 Rd3 41. Re6+ Kb5 42. Re3 1-0

[Event "Kampala Zabasajja Memorial op"]
[Site "Kampala"]
[Date "2024.01.25"]
[Round "2"]
[White "Wabwire, Ronald"]
[Black "Egesa, Emmanuel"]
[Result "0-1"]
[WhiteElo "1569"]
[BlackElo "2025"]
[PlyCount "80"]
[EventDate "2024.01.25"]
[EventType "swiss"]
[EventRounds "8"]
[EventCountry "UGA"]
[SourceTitle "EXT 2025"]
[Source "ChessBase"]
[SourceDate "2024.10.14"]
[SourceVersion "1"]
[SourceVersionDate "2024.10.14"]
[SourceQuality "1"]

1. e4 c5 2. Nf3 e6 3. b3 Nc6 4. Bb2 Nf6 5. Nc3 d6 6. Be2 Be7 7. 0-0 0-0 8. d3 a6 9. a4 Qc7 10. Qd2 Bd7 11. h3 Nd4 12. Nxd4 cxd4 13. Nd1 e5 14. f4 Rac8 15. Rc1 d5 16. Nf2 Bc6 17. c3 dxe4 18. dxe4 dxc3 19. Bxc3 exf4 20. Bxf6 Bxf6 21. Ng4 Bg5 22. Kh1 Rcd8 23. Qc3 f3 24. Rxf3 Bxc1 25. Qxc1 Qe7 26. Rg3 Kh8 27. Qc3 f6 28. e5 f5 29. Nf2 f4 30. Rd3 Rxd3 31. Bxd3 f3 32. g3 Re8 33. Be4 Bxe4 34. Nxe4 Qxe5 35. Qxe5 Rxe5 36. Nf2 Re1+ 37. Kh2 Rb1 38. g4 Rxb3 39. Kg3 b5 40. axb5 a5 0-1

[Event "UGA-chT 2324"]
[Site "Kampala"]
[Date "2023.08.27"]
[Round "5.2"]
[White "Tandeka, Shiloh"]
[Black "Wabwire, Ronald"]
[Result "1-0"]
[WhiteElo "1575"]
[BlackElo "1441"]
[PlyCount "71"]
[EventDate "2023.07.16"]
[EventType "team-swiss"]
[EventRounds "14"]
[EventCountry "UGA"]
[SourceTitle "EXT 2025"]
[Source "ChessBase"]
[SourceDate "2024.10.14"]
[SourceVersion "1"]
[SourceVersionDate "2024.10.14"]
[SourceQuality "1"]
[WhiteTeam "Lighthouse Team Atoma"]
[BlackTeam "KTLC II"]
[WhiteTeamCountry "UGA"]
[BlackTeamCountry "UGA"]

1. e4 e5 2. Nf3 Nc6 3. d4 exd4 4. Nxd4 Bc5 5. Nb3 Bb6 6. Nc3 Nf6 7. Bg5 h6 8. Bh4 Qe7 9. Bd3 Qe6 10. Qe2 Ne5 11. 0-0-0 d6 12. h3 Bd7 13. Rhe1 0-0-0 14. Nd5 g5 15. Nxb6+ cxb6 16. Bg3 Kb8 17. Kb1 Rc8 18. Nd4 Qe7 19. Bb5 Rc5 20. Bxd7 Nfxd7 21. Nf5 Qe6 22. Rxd6 Qe8 23. Red1 Ka8 24. Bxe5 Nxe5 25. Qd2 Rc8 26. Rxh6 Rxh6 27. Nxh6 Qa4 28. f3 a6 29. b3 Qb5 30. Qd5 Qe2 31. Qd2 Qb5 32. Qd5 Qe2 33. Rd2 Qe1+ 34. Kb2 Qe3 35. Qd4 Qe1 36. Qf2 1-0

[Event "UGA-chT 2324"]
[Site "Kampala"]
[Date "2023.08.13"]
[Round "4.2"]
[White "Wabwire, Ronald"]
[Black "Omara, Samora"]
[Result "1-0"]
[WhiteElo "1441"]
[BlackElo "1282"]
[PlyCount "34"]
[EventDate "2023.07.16"]
[EventType "team-swiss"]
[EventRounds "14"]
[EventCountry "UGA"]
[SourceTitle "EXT 2025"]
[Source "ChessBase"]
[SourceDate "2024.10.14"]
[SourceVersion "1"]
[SourceVersionDate "2024.10.14"]
[SourceQuality "1"]
[WhiteTeam "KTLC II"]
[BlackTeam "Avengers CC"]
[WhiteTeamCountry "UGA"]
[BlackTeamCountry "UGA"]

1. e4 e5 2. Nf3 Nc6 3. Be2 Nf6 4. Nc3 Bc5 5. Nxe5 Nxe5 6. d4 Bd6 7. dxe5 Bxe5 8. Bd3 h6 9. f4 Bxc3+ 10. bxc3 d6 11. Bd2 0-0 12. 0-0 Ng4 13. Be2 Re8 14. h3 Nf6 15. Rc1 b6 16. e5 dxe5 17. fxe5 Nh7 1-0